<?xml version="1.0" encoding="UTF-8"?>
<collection xmlns="http://www.loc.gov/MARC21/slim">
 <record>
  <leader>00482pamaa2200169   4500</leader>
  <controlfield tag="001">0000012977</controlfield>
  <controlfield tag="005">20060419090000.0</controlfield>
  <datafield tag="020" ind1="0" ind2="0">
   <subfield code="a">0314045937 </subfield>
  </datafield>
  <datafield tag="082" ind1=" " ind2=" ">
   <subfield code="a">573 JUR 1995</subfield>
  </datafield>
  <datafield tag="090" ind1="0" ind2="0">
   <subfield code="a">GN60 </subfield>
   <subfield code="b">JUR 1995</subfield>
  </datafield>
  <datafield tag="100" ind1="1" ind2="0">
   <subfield code="a">JURMAIN </subfield>
  </datafield>
  <datafield tag="245" ind1="1" ind2="0">
   <subfield code="a">Essentials of physical anthropology  </subfield>
   <subfield code="c">Robert Jurmain, Harry Nelson and Lynn Kilgore.</subfield>
  </datafield>
  <datafield tag="260" ind1="0" ind2="0">
   <subfield code="a">St. Paul: </subfield>
   <subfield code="b">West Pub., </subfield>
   <subfield code="c">1995.</subfield>
  </datafield>
  <datafield tag="300" ind1=" " ind2=" ">
   <subfield code="a">xiv, 365p.: </subfield>
   <subfield code="b">26cm.</subfield>
  </datafield>
  <datafield tag="650" ind1="0" ind2="0">
   <subfield code="a">Physical anthropology </subfield>
  </datafield>
  <datafield tag="700" ind1="1" ind2="1">
   <subfield code="a">Nelson, </subfield>
   <subfield code="h">Harry </subfield>
  </datafield>
  <datafield tag="700" ind1="1" ind2="1">
   <subfield code="a">Kilgore, </subfield>
   <subfield code="h">Lynn </subfield>
  </datafield>
 </record>
</collection>
